Jom MANTOP / (Record no. 177373)

MARC details
000 -LEADER
fixed length control field 01341nam a2200421 i 4500
001 - CONTROL NUMBER
control field vtls000613991
003 - CONTROL NUMBER IDENTIFIER
control field PNM
005 - DATE AND TIME OF LATEST TRANSACTION
control field 20200603111814.0
008 - FIXED-LENGTH DATA ELEMENTS--GENERAL INFORMATION
fixed length control field 100608s2014 my a e | 000 0 may
015 ## - NATIONAL BIBLIOGRAPHY NUMBER
National bibliography number M10-06801
020 ## - INTERNATIONAL STANDARD BOOK NUMBER
International Standard Book Number 9789831245736
Terms of availability RM10.00
Qualifying information paperback
039 #9 - LEVEL OF BIBLIOGRAPHIC CONTROL AND CODING DETAIL [OBSOLETE]
Level of rules in bibliographic description 201201061705
Level of effort used to assign nonsubject heading access points zuraidahs
Level of effort used to assign subject headings 201010141512
Level of effort used to assign classification anisatul
Level of effort used to assign subject headings 201010071449
Level of effort used to assign classification nooraini
Level of effort used to assign subject headings 201008251128
Level of effort used to assign classification norsyahiza
040 ## - CATALOGING SOURCE
Original cataloging agency BNM
Transcribing agency PNM
Language of cataloging eng
Description conventions rda
049 ## - LOCAL HOLDINGS (OCLC)
Holding library klpmal
082 04 - DEWEY DECIMAL CLASSIFICATION NUMBER
Classification number 158.1
Edition number 22
090 00 - LOCALLY ASSIGNED LC-TYPE CALL NUMBER (OCLC); LOCAL CALL NUMBER (RLIN)
Classification number (OCLC) (R) ; Classification number, CALL (RLIN) (NR) 158.1
Feature heading HMT
Feature heading G
100 0# - MAIN ENTRY--PERSONAL NAME
Personal name H. M. Tuah Iskandar,
Titles and words associated with a name Dr.,
Dates associated with a name 1960-
Relator term author.
245 10 - TITLE STATEMENT
Title Jom MANTOP /
Statement of responsibility, etc. DR. HM TUAH ISKANDAR al-Haj ; Editor Fadzilah Jabar
264 #1 - PRODUCTION, PUBLICATION, DISTRIBUTION, MANUFACTURE, AND COPYRIGHT NOTICE
Place of production, publication, distribution, manufacture Shah Alam, Selangor :
Name of producer, publisher, distributor, manufacturer GRUP BUKU KARANGKRAF SDN. BHD.,
Date of production, publication, distribution, manufacture, or copyright notice 2014
300 ## - PHYSICAL DESCRIPTION
Extent 239 pages :
Other physical details illustrations ;
Dimensions 19 cm
336 ## - CONTENT TYPE
Source rdacontent
Content type term text
337 ## - MEDIA TYPE
Source rdamedia
Media type term unmediated
338 ## - CARRIER TYPE
Source rdacarrier
Carrier type term volume
650 10 - SUBJECT ADDED ENTRY--TOPICAL TERM
Topical term or geographic name entry element Self-actualization (Psychology)
Topical term or geographic name entry element Success
General subdivision Psychological aspects
700 0# - ADDED ENTRY--PERSONAL NAME
Personal name Fadzilah Jabar,
Relator term editor.
942 ## - ADDED ENTRY ELEMENTS (KOHA)
Source of classification or shelving scheme Dewey Decimal Classification
Koha item type Book
949 ## - LOCAL PROCESSING INFORMATION (OCLC)
6 2000435119
a 158.1 HMT M
6 2000435120
a 158.1 HMT M
6 2000450400
a 158.1 HMT M
6 2000450401
a 158.1 HMT M
6 1000767426
6 1000767427
6 1000767428
6 1000767429
6 1000767430
6 1000767431
Holdings
Withdrawn Not for loan Current library Shelving location Date acquired Total Checkouts Total Renewals Full call number Barcode Date last seen Date last checked out Koha item type
    Perpustakaan Alor Setar Pinjaman Dewasa 19/07/2020 2 1 158.1 HMT A00738781 11/04/2021 18/03/2021 Book
    Perpustakaan Awam Sungai Petani Pinjaman Dewasa 19/07/2020     158.1 HMT A00738782 19/07/2020   Book
    Perpustakaan Jitra Pinjaman Dewasa 19/07/2020     158.1 HMT A00738783 19/07/2020   Book